000 00531nam a2200181Ia 4500
008 090124s9999 xx 000 0 und d
082 _b119246
100 _aपांढरीपांडे विजय.
245 _a पाऊलखुणा
250 _a1
260 _c1980
300 _a119
600 _aपांढरीपांडे विजय.
630 _a पाऊलखुणा
700 _aपांढरीपांडे विजय.
730 _a पाऊलखुणा
942 _cBOOK
999 _c165332
_d165332